Statistics for Ring of Countries Puzzle #1

Click here to take the quiz!

General Stats

  • This quiz has been taken 255 times
  • The average score is 13 of 19

Answer Stats

Answer % Correct
Romania
97%
Oman
96%
Argentina
85%
Armenia
83%
Mauritania
78%
Canada
77%
Mali
77%
Mauritius
71%
Madagascar
69%
Iceland
66%
Malta
65%
Maldives
63%
Cameroon
62%
Malaysia
61%
Malawi
60%
Macedonia
57%
Cambodia
55%
Cape Verde
44%
Marshall Islands
40%

Score Distribution

Percentile by Number Answered

Percent of People with Each Score

Your Score History

You have not taken this quiz